[Event "4NCL Division 2a"]
[Site "De Vere, Staverton Park ENG"]
[Date "2013.02.24"]
[Round "6.37"]
[White "Freeland, Alexander"]
[Black "Connor, Stephen J"]
[Result "1-0"]
[WhiteElo "1819"]
[BlackElo "2065"]
[PlyCount "93"]
[EventDate "2013.02.24"]
[WhiteTeam "Rhyfelwyr Essyllwg 1"]
[BlackTeam "Spirit of Atticus"]

1. e4 c5 2. Nf3 d6 3. d4 cxd4 4. Nxd4 Nf6 5. Nc3 a6 6. h3 e5 7. Nde2 Be6 8. g4
d5 9. Bg2 d4 10. Nb1 Nc6 11. O-O Bc5 12. Ng3 Qb6 13. Nf5 Bxf5 14. exf5 O-O-O
15. Nd2 Qc7 16. Ne4 Nxe4 17. Bxe4 f6 18. a3 Ne7 19. Qf3 Kb8 20. Bd2 Nc8 21. b4
Ba7 22. Rfb1 Nd6 23. a4 Nxe4 24. Qxe4 Rc8 25. Rb2 Rhd8 26. b5 Rd6 27. Bb4 Bc5
28. Bxc5 Qxc5 29. bxa6 Rb6 30. Rab1 Rcc6 31. axb7 Rxb2 32. Rxb2 Rb6 33. Rxb6
Qxb6 34. Kg2 Qc5 35. f4 exf4 36. Kf3 Qc3+ 37. Kxf4 Qxh3 38. Qxd4 Qh2+ 39. Ke3
Qg1+ 40. Kd3 Qd1+ 41. Kc4 Qxc2+ 42. Kd5 Qb3+ 43. Kd6 Qxb7 44. Ke6 Kc8 45. Qc5+
Kb8 46. Qf8+ Ka7 47. Qf7 1-0

[Event "4NCL Division 2a"]
[Site "De Vere, Staverton Park ENG"]
[Date "2013.02.24"]
[Round "6.38"]
[White "Ackley, Peter JE"]
[Black "Fathallah, Joe"]
[Result "1/2-1/2"]
[WhiteElo "2029"]
[BlackElo "1976"]
[PlyCount "37"]
[EventDate "2013.02.24"]
[WhiteTeam "Spirit of Atticus"]
[BlackTeam "Rhyfelwyr Essyllwg 1"]

1. f4 d5 2. Nf3 c5 3. e3 Nc6 4. Bb5 Qb6 5. a4 a6 6. a5 Qc7 7. Bxc6+ Qxc6 8. Ne5
Qc7 9. O-O Nf6 10. d3 g6 11. Qe1 Bg7 12. Nc3 O-O 13. Na4 Nd7 14. Nxd7 Bxd7 15.
Nb6 Rad8 16. Nxd5 Qd6 17. Nb6 Bb5 18. e4 Qd4+ 19. Kh1 1/2-1/2

[Event "4NCL Division 2a"]
[Site "De Vere, Staverton Park ENG"]
[Date "2013.02.24"]
[Round "6.41"]
[White "Yeo, Michael J"]
[Black "Mansson, James C"]
[Result "1/2-1/2"]
[WhiteElo "2155"]
[BlackElo "2123"]
[PlyCount "85"]
[EventDate "2013.02.24"]
[WhiteTeam "Wessex"]
[BlackTeam "e2e4.org.uk 2"]

1. e4 c5 2. Nf3 d6 3. d4 cxd4 4. Nxd4 Nf6 5. Nc3 a6 6. Bg5 e6 7. f4 Qb6 8. Qd3
Qxb2 9. Rb1 Qa3 10. f5 Be7 11. fxe6 fxe6 12. Be2 Nc6 13. Nxc6 bxc6 14. Bh5+ g6
15. e5 dxe5 16. Rb3 Qc5 17. Bxg6+ hxg6 18. Qxg6+ Kd8 19. Bxf6 Qe3+ 20. Ne2 Qh6
21. Qxh6 Rxh6 22. Bxe5 Rh5 23. Bg3 a5 24. O-O Rc5 25. Nd4 Rc4 26. Rd1 Ke8 27.
Be5 Bc5 28. Rd2 Ba6 29. Rg3 Rd8 30. Rg8+ Kd7 31. Rxd8+ Kxd8 32. Kh1 Ke8 33. h4
Bxd4 34. Bxd4 Ra4 35. h5 Kf7 36. Kh2 e5 37. Bf2 Bc8 38. Rd8 Be6 39. h6 Bf5 40.
Bg3 Rxa2 41. Bxe5 Rxc2 42. Ra8 Kg6 43. Rxa5 1/2-1/2

[Event "4NCL Division 2a"]
[Site "De Vere, Staverton Park ENG"]
[Date "2013.02.24"]
[Round "6.42"]
[White "Byron, Alan M"]
[Black "Lock, Gavin R"]
[Result "0-1"]
[WhiteElo "2155"]
[BlackElo "2173"]
[PlyCount "66"]
[EventDate "2013.02.24"]
[WhiteTeam "e2e4.org.uk 2"]
[BlackTeam "Wessex"]

1. e4 e6 2. d4 d5 3. Nc3 Bb4 4. e5 c5 5. a3 Ba5 6. b4 cxd4 7. Nb5 Bc7 8. f4 Bd7
9. Nf3 Bxb5 10. Bxb5+ Nd7 11. Bb2 Ne7 12. Nxd4 a6 13. Be2 g6 14. O-O Nb6 15.
Kh1 Na4 16. Bc1 Nc3 17. Qd3 Nxe2 18. Qxe2 Bb6 19. Bb2 Qd7 20. Rfd1 Rc8 21. Nb3
Nf5 22. Rd3 Rc4 23. Bc1 h5 24. Ra2 h4 25. Rh3 Re4 26. Qd1 Bf2 27. Bd2 Qb5 28.
g4 Re1+ 29. Qxe1 Bxe1 30. Rd3 Bxd2 31. gxf5 Bxf4 32. fxe6 fxe6 33. Ra1 h3 0-1

[Event "4NCL Division 2a"]
[Site "De Vere, Staverton Park ENG"]
[Date "2013.02.24"]
[Round "6.43"]
[White "Rutter, Nick J"]
[Black "Almond, Richard J"]
[Result "1-0"]
[WhiteElo "2193"]
[BlackElo "2123"]
[PlyCount "47"]
[EventDate "2013.02.24"]
[WhiteTeam "Wessex"]
[BlackTeam "e2e4.org.uk 2"]

1. e4 d5 2. exd5 Qxd5 3. Nc3 Qa5 4. d4 c6 5. Nf3 Nf6 6. Ne5 Be6 7. Bc4 Bxc4 8.
Nxc4 Qd8 9. Bg5 e6 10. Bxf6 Qxf6 11. O-O Bb4 12. Ne4 Qf4 13. Ned6+ Bxd6 14. g3
Qg5 15. Nxd6+ Ke7 16. Nxb7 Nd7 17. Qf3 Rhc8 18. Qa3+ c5 19. Rad1 Rc7 20. dxc5
Nxc5 21. Nd6 Rb8 22. Qa5 Rc6 23. Qxa7+ Nd7 24. Ne4 1-0

[Event "4NCL Division 2a"]
[Site "De Vere, Staverton Park ENG"]
[Date "2013.02.24"]
[Round "6.44"]
[White "Seymour, Timothy P"]
[Black "Jenks, C Bruce"]
[Result "1/2-1/2"]
[WhiteElo "2112"]
[BlackElo "2135"]
[PlyCount "95"]
[EventDate "2013.02.24"]
[WhiteTeam "e2e4.org.uk 2"]
[BlackTeam "Wessex"]

1. e4 c5 2. c3 d5 3. exd5 Qxd5 4. d4 Nf6 5. Nf3 e6 6. Na3 Bd7 7. Nb5 Bxb5 8.
Bxb5+ Nbd7 9. O-O Be7 10. dxc5 Qxd1 11. Rxd1 O-O-O 12. b4 h6 13. Bb2 g5 14. c4
Rhg8 15. Kf1 Ne4 16. Ne5 Nxe5 17. Bxe5 a6 18. Ba4 Nd2+ 19. Ke2 Nxc4 20. Bd4
Rxd4 21. Rxd4 Bf6 22. Rxc4 Bxa1 23. Rc1 Be5 24. g3 Rd8 25. Rc2 Rd4 26. a3 a5
27. Rd2 Rxd2+ 28. Kxd2 Bb2 29. bxa5 Bxa3 30. c6 Bb4+ 31. Kd3 bxc6 32. Bxc6 Bxa5
33. g4 Kc7 34. Be8 f6 35. Ke4 Kd6 36. h3 Ke7 37. Ba4 Bd2 38. f3 Bc1 39. Bb3 h5
40. Bc4 h4 41. Bb3 Kd6 42. Bc4 Bf4 43. Bb3 e5 44. Bf7 Kc5 45. Be6 Kb4 46. Kd3
Ka3 47. Bf5 Kb2 48. Ke2 1/2-1/2

[Event "4NCL Division 2a"]
[Site "De Vere, Staverton Park ENG"]
[Date "2013.02.24"]
[Round "6.45"]
[White "Pleasants, Allan J"]
[Black "Milson, Samuel A"]
[Result "1/2-1/2"]
[WhiteElo "2073"]
[BlackElo "1996"]
[PlyCount "69"]
[EventDate "2013.02.24"]
[WhiteTeam "Wessex"]
[BlackTeam "e2e4.org.uk 2"]

1. e4 e5 2. Nc3 Bc5 3. g3 Nc6 4. Bg2 a6 5. d3 d6 6. Be3 Bxe3 7. fxe3 Nf6 8. Qd2
Be6 9. Nf3 Qd7 10. d4 Bh3 11. O-O-O O-O-O 12. d5 Ne7 13. Rhf1 Bxg2 14. Qxg2 Ng4
15. Rde1 Rdf8 16. h3 Nf6 17. g4 h5 18. g5 Ne8 19. Nh4 f6 20. g6 c6 21. Nf5 Nxf5
22. exf5 c5 23. h4 Nc7 24. a4 b5 25. axb5 axb5 26. b3 Kb7 27. Kb2 Ra8 28. e4 b4
29. Na4 c4 30. Ra1 c3+ 31. Kc1 Qb5 32. Kd1 Ra5 33. Qe2 Qxe2+ 34. Kxe2 Rha8 35.
Rad1 1/2-1/2

[Event "4NCL Division 2a"]
[Site "De Vere, Staverton Park ENG"]
[Date "2013.02.24"]
[Round "6.46"]
[White "Denton, John R"]
[Black "Gregory, Keith DF"]
[Result "1-0"]
[WhiteElo "2069"]
[BlackElo "2047"]
[PlyCount "93"]
[EventDate "2013.02.24"]
[WhiteTeam "e2e4.org.uk 2"]
[BlackTeam "Wessex"]

1. Nf3 d6 2. d4 Bg4 3. e4 Nd7 4. Bc4 e6 5. O-O c6 6. Bb3 Be7 7. Re1 e5 8. c3
Bh5 9. Nbd2 Qc7 10. a4 Ngf6 11. a5 O-O 12. Nf1 b5 13. Ng3 Bg6 14. Nh4 Rfe8 15.
f4 exf4 16. Bxf4 Bf8 17. Nxg6 hxg6 18. Qd3 Rad8 19. Bg5 Re7 20. e5 dxe5 21.
Qxg6 Nd5 22. Qd3 Nf4 23. Qf3 Rde8 24. Bxe7 Rxe7 25. Nf5 Re8 26. dxe5 Ne6 27.
Qg3 Ndc5 28. Bc2 g6 29. b4 Nd7 30. Rad1 c5 31. Nh4 Bg7 32. Rxd7 Qxd7 33. Nxg6
Qd2 34. Be4 cxb4 35. cxb4 fxg6 36. Bxg6 Rf8 37. Qh4 Qd4+ 38. Qxd4 Nxd4 39. e6
Nc6 40. Bf7+ Kh7 41. e7 Bd4+ 42. Kh1 Nxe7 43. Rxe7 Kh6 44. g3 Bc3 45. Rxa7 Bxb4
46. a6 Rd8 47. Rb7 1-0

[Event "4NCL Division 2a"]
[Site "De Vere, Staverton Park ENG"]
[Date "2013.02.24"]
[Round "6.47"]
[White "de Coverly, Roger D"]
[Black "Fernandez, Michael H"]
[Result "1-0"]
[WhiteElo "2019"]
[BlackElo "1871"]
[PlyCount "135"]
[EventDate "2013.02.24"]
[WhiteTeam "Wessex"]
[BlackTeam "e2e4.org.uk 2"]

1. Nf3 c5 2. g3 Nc6 3. Bg2 d5 4. d4 e6 5. O-O b6 6. c4 Bb7 7. cxd5 exd5 8. Nc3
Nge7 9. dxc5 bxc5 10. Qa4 Qa5 11. Qxa5 Nxa5 12. Nb5 Rd8 13. Ne5 Nec6 14. Nxc6
Bxc6 15. Nxa7 Bb7 16. Nb5 f5 17. Bf4 Bc6 18. a4 Nb3 19. Rad1 Bxb5 20. axb5 Nd4
21. Rd2 Bd6 22. Be3 Be5 23. Bxd4 Bxd4 24. e3 Be5 25. Bxd5 Ke7 26. Rfd1 Bc7 27.
Kg2 Kf6 28. f3 Rhe8 29. e4 fxe4 30. fxe4 Rf8 31. Ra1 Bb6 32. Ra6 Rd6 33. Re2
Ke5 34. Bc6 Rb8 35. Rf2 Rf6 36. Rc2 Rd6 37. b3 Rf6 38. h3 Rd6 39. Rf2 Rf6 40.
Rxf6 Kxf6 41. Kf3 Kg5 42. Ke2 h6 43. Kd3 Rd8+ 44. Bd5 Bc7 45. g4 Kh4 46. Kc4
Kxh3 47. Kxc5 Be5 48. Re6 Bf4 49. b6 Be3+ 50. Kc6 Bd4 51. Kc7 Rf8 52. b7 Ba7
53. Rg6 Bd4 54. Be6 Kg3 55. Bf5 Be5+ 56. Kc6 Kf4 57. Re6 Bb8 58. e5 Rd8 59. Re7
Rg8 60. Bc8 g5 61. Rf7+ Ke3 62. e6 h5 63. gxh5 g4 64. e7 g3 65. Bh3 Rh8 66. Rf8
Rh6+ 67. Kd7 Rd6+ 68. Kc8 1-0

[Event "4NCL Division 2a"]
[Site "De Vere, Staverton Park ENG"]
[Date "2013.02.24"]
[Round "6.48"]
[White "Garnett, John S"]
[Black "Reid, Vaness"]
[Result "1-0"]
[WhiteElo "2028"]
[BlackElo "1844"]
[PlyCount "61"]
[EventDate "2013.02.24"]
[WhiteTeam "e2e4.org.uk 2"]
[BlackTeam "Wessex"]

1. c4 c6 2. g3 d5 3. Bg2 d4 4. Nf3 Nf6 5. d3 g6 6. O-O Bg7 7. b4 O-O 8. Bb2 Ne8
9. Qb3 a5 10. a3 axb4 11. axb4 Rxa1 12. Bxa1 e5 13. Nbd2 Bg4 14. Bb2 Nd7 15.
Ra1 Nc7 16. Ne4 b6 17. h3 Bxf3 18. Bxf3 Kh8 19. c5 bxc5 20. bxc5 Nd5 21. Qc4
Qb8 22. Bc1 h6 23. Nd6 N7f6 24. Qa4 Kg8 25. Qxc6 Qb3 26. Kg2 Qc3 27. Ra8 Ne7
28. Rxf8+ Bxf8 29. Nb5 Qxc1 30. Qxf6 Qxc5 31. Nd6 1-0